|
|
|
|
| LEADER |
00000nab a2200000Iu 4500 |
| 001 |
vtls011460318 |
| 003 |
SK-MaSNL |
| 005 |
20260303151542.0 |
| 008 |
230222|2013 xo |||||||||||||||||cze| |
| 015 |
|
|
|a SNBRB
|
| 035 |
|
|
|a (urnnbn)urn:nbn:sk:snk:ar-a0abu6
|
| 035 |
|
|
|a (uuid)72fd6168-3faf-4164-9e64-02d38d917171
|
| 035 |
|
|
|a urn:nbn:sk:snk-abcu91
|
| 040 |
|
|
|a SNKBUCL
|b slo
|c SNKBUCL
|e AACR2
|
| 041 |
0 |
|
|a cze
|
| 044 |
|
|
|a xo
|c SK
|
| 080 |
|
|
|a 502.5+712.2
|2 2001
|
| 080 |
|
|
|a 502.2
|2 2001
|
| 080 |
|
|
|a 338.49
|2 2001
|
| 080 |
|
|
|a 911.53
|2 2001
|
| 100 |
1 |
|
|a Buček, Antonín
|4 aut
|9 788120
|
| 245 |
1 |
0 |
|a Ekologická síť jako přírodní infrastruktura kulturní krajiny
|c Antonín Buček
|
| 504 |
|
|
|a Bibliografické odkazy
|
| 650 |
0 |
7 |
|a ekologické siete
|2 SNKPH
|9 17958
|
| 650 |
0 |
7 |
|a príroda
|2 SNKPH
|9 3813
|
| 650 |
0 |
7 |
|a infraštruktúra
|2 SNKPH
|9 28765
|
| 650 |
0 |
7 |
|a kultúrna krajina
|2 SNKPH
|9 82584
|
| 773 |
0 |
|
|t Životné prostredie : revue pre teóriu a starostlivosť o životné prostredie
|g Roč. 47, č. 2 (2013), s. 82-85
|
| 958 |
|
|
|a NB
|
| 958 |
|
|
|a OND
|
| 958 |
|
|
|a EUIPO
|
| 958 |
|
|
|a article16
|
| 999 |
|
|
|c 2018239
|d 2020169
|